Utazási iroda belső és külső kommunikációja

Bibliographic Details
Main Author: Bakonyi Zsombor
Other Authors: Krasztev Dr. Péter
Format: Final Paper
Kulcsszavak:Belső kommunikáció
Külső kommunikáció
Szakmai gyakorlat
Utazási iroda
Turizmus
Robinson Tours
Online Access:http://dolgozattar.uni-bge.hu/14969

MARC

LEADER 00000nta a2200000 i 4500
001 dolg14969
005 20200619124328.0
008 180502suuuu hu o 000 hun d
040 |a BGE Dolgozattár Repozitórium  |b hun 
041 |a hu 
100 1 |a Bakonyi Zsombor 
245 1 0 |a Utazási iroda belső és külső kommunikációja  |c Bakonyi Zsombor  |h [elektronikus dokumentum] 
516 |a Final_paper 
695 |a Belső kommunikáció 
695 |a Külső kommunikáció 
695 |a Szakmai gyakorlat 
695 |a Utazási iroda 
695 |a Turizmus 
695 |a Robinson Tours 
700 1 |a Krasztev Dr. Péter  |e ths 
856 4 0 |u http://dolgozattar.uni-bge.hu/14969/1/Z%C3%81R%C3%93DOLGOZAT.pdf  |z Dokumentum-elérés